000 00364nam a2200169Ia 4500
008 240830s1900 xx 000 0 und d
041 _amar
082 _a1
100 _aPARNJAPE
245 _aSANJIVAN CHIKITSA PADHATI
250 _a1
260 _c1900
300 _a200p
440 _vI
906 _aSANJIVAN CHIKITSA PADHATI
999 _c1183966
_d1183966